Interacción evangelio-cultura : instrucción pastoral con motivo de la promulgación del documento final del encuentro nacional eclesial cubano /
Interacción evangelio-cultura es una publicación quincenal de la Obra Nacional de la Buena Prensa en México. El presente número 106 del 15 de diciembre de 1986, trata sobre la instrucción pastoral de mayo de 1986 que los obispos de Cuba dirigen a sacerdotes, religiosos, seminaristas y fieles católic...
Gardado en:
| Autor Corporativo: | |
|---|---|
| Outros autores: | |
| Formato: | Libro |
| Idioma: | Lingua castelá |
| Temas: | |
| Etiquetas: |
Sen Etiquetas, Sexa o primeiro en etiquetar este rexistro!
|
MARC
| LEADER | 00000nam^a2200000^a^4500 | ||
|---|---|---|---|
| 001 | 000318001 | ||
| 005 | 20250521000000.0 | ||
| 009 | 20260310113359.331 | ||
| 025 | |a Donación Jesús Vergara Aceves, 1 ejemplar | ||
| 037 | |a Acervo Xavier Clavigero | ||
| 041 | |a ESP | ||
| 082 | |a 205. |b INT V. 106 | ||
| 110 | |a Iglesia Católica. |b Conferencia Episcopal Cubana | ||
| 240 | 1 | 1 | |a [Interacción evangelio-cultura] |
| 245 | 1 | 0 | |a Interacción evangelio-cultura : |b instrucción pastoral con motivo de la promulgación del documento final del encuentro nacional eclesial cubano / |c Dir. de R. Moya García. |
| 246 | 2 | |a Título en la cubierta: Centro y características de renovación eclesial | |
| 264 | |a México : |b Buena Prensa, |c 1984 | ||
| 300 | |a 28 p. | ||
| 336 | |a texto |b txt |2 rdacontenido | ||
| 337 | |a sin mediación |b n |2 rdamedio | ||
| 338 | |a volumen |b nc |2 rdasoporte | ||
| 520 | |a Interacción evangelio-cultura es una publicación quincenal de la Obra Nacional de la Buena Prensa en México. El presente número 106 del 15 de diciembre de 1986, trata sobre la instrucción pastoral de mayo de 1986 que los obispos de Cuba dirigen a sacerdotes, religiosos, seminaristas y fieles católicos de dicha entidad. | ||
| 649 | |a XX | ||
| 650 | |a Religión - |x Publicaciones Periódicas Mexicanas - |x Tema Principal | ||
| 650 | |a Concilios y Sínodos - |z Cuba | ||
| 650 | |a Iglesia Católica en Cuba - |x Cartas y Editos Pastorales - |x Tema Principal | ||
| 650 | |a Iglesia Católica en Cuba - |x Historia - |y 1959-1990 | ||
| 650 | |a Iglesia Católica en Cuba - |x Historia - |y Siglo XX | ||
| 650 | |a Catolicismo - |z Cuba - |x Historia - |y Siglo XX | ||
| 650 | |a Cristianismo - |z Cuba - |x Historia - |y Siglo XX | ||
| 650 | |a Religión - |z Cuba - |x Historia - |y Siglo XX | ||
| 650 | |a Publicaciones Periódicas Mexicanas | ||
| 700 | |a Moya García, Rafael |e (dir) | ||
| 910 | |a Fondo Jesús Vergara Aceves S.J. | ||
| 920 | |a Impresos - Libros | ||
| 930 | |a Fondos Especiales | ||
| 905 | |a 119 | ||
| 901 | |a 0500205033 |b IT2 |c ESP |i D |u 20250521 | ||
| 902 | |a https://opac.biblio.iteso.mx/vufind/Record/000318001 | ||